Разработка приложения для выдачи ssl-сертификатов; Молодежь и современные информационные технологии; Т. 2

Bibliographische Detailangaben
Parent link:Молодежь и современные информационные технологии: сборник трудов XII Всероссийской научно-практической конференции студентов, аспирантов и молодых ученых, г. Томск, 12-14 ноября 2014 г./ Национальный исследовательский Томский политехнический университет (ТПУ), Институт кибернетики (ИК) ; ред. кол. Е. А. Сикора [и др.].— , 2014
Т. 2.— 2014.— [С. 120-121]
1. Verfasser: Плахин Д. В.
Körperschaft: Национальный исследовательский Томский политехнический университет (ТПУ) Институт кибернетики (ИК) Кафедра автоматики и компьютерных систем (АИКС)
Weitere Verfasser: Цапко С. Г. Сергей Геннадьевич (научный руководитель)
Zusammenfassung:Заглавие с титульного экрана
Sprache:Russisch
Veröffentlicht: 2014
Schriftenreihe:Информационные технологии в производстве и управлении
Schlagworte:
Online-Zugang:http://earchive.tpu.ru/handle/11683/20257
http://www.lib.tpu.ru/fulltext/c/2014/C04/V2/053.pdf
Format: MixedMaterials Elektronisch Buchkapitel
KOHA link:https://koha.lib.tpu.ru/cgi-bin/koha/opac-detail.pl?biblionumber=610826

MARC

LEADER 00000naa2a2200000 4500
001 610826
005 20231101132627.0
035 |a (RuTPU)RU\TPU\conf\8459 
035 |a RU\TPU\conf\8442 
090 |a 610826 
100 |a 20150205d2014 k y0rusy50 ca 
101 0 |a rus 
102 |a RU 
105 |a y z 101zy 
135 |a drcn ---uucaa 
181 0 |a i  
182 0 |a b 
200 1 |a Разработка приложения для выдачи ssl-сертификатов  |f Д. В. Плахин  |g науч. рук. С. Г. Цапко 
203 |a Текст  |c электронный 
225 1 |a Информационные технологии в производстве и управлении 
230 |a 1 компьютерный файл (pdf; 285 Kb) 
300 |a Заглавие с титульного экрана 
320 |a [Библиогр.: с. 121 (5 назв.)] 
337 |a Adobe Reader 
461 1 |0 (RuTPU)RU\TPU\conf\7802  |t Молодежь и современные информационные технологии  |o сборник трудов XII Всероссийской научно-практической конференции студентов, аспирантов и молодых ученых, г. Томск, 12-14 ноября 2014 г.  |o в 2 т.  |f Национальный исследовательский Томский политехнический университет (ТПУ), Институт кибернетики (ИК) ; ред. кол. Е. А. Сикора [и др.]  |d 2014 
463 0 |0 (RuTPU)RU\TPU\conf\7813  |t Т. 2  |v [С. 120-121]  |d 2014 
610 1 |a труды учёных ТПУ 
610 1 |a электронный ресурс 
610 1 |a приложения 
610 1 |a сетевые технологии 
610 1 |a безопасность 
610 1 |a обмен данными 
610 1 |a ssl-сертификаты 
610 1 |a сертификаты 
610 1 |a файлы 
700 1 |a Плахин  |b Д. В. 
702 1 |a Цапко  |b С. Г.  |c специалист в области информатики и вычислительной техники  |c доцент Томского политехнического университета, заведующий лабораторией, кандидат технических наук  |f 1973-  |g Сергей Геннадьевич  |2 stltpush  |3 (RuTPU)RU\TPU\pers\27092  |4 727 
712 0 2 |a Национальный исследовательский Томский политехнический университет (ТПУ)  |b Институт кибернетики (ИК)  |b Кафедра автоматики и компьютерных систем (АИКС)  |h 125  |2 stltpush  |3 (RuTPU)RU\TPU\col\18698 
801 2 |a RU  |b 63413507  |c 20210322  |g RCR 
856 4 |u http://earchive.tpu.ru/handle/11683/20257 
856 4 |u http://www.lib.tpu.ru/fulltext/c/2014/C04/V2/053.pdf 
942 |c BK